000 00444nam a2200181Ia 4500
001 19321
005 20260306172644.0
008 260306t2010||||xx |||||||||||||| ||spa||
041 _aESP
082 _a658.834
_bL65
100 _aLindstrom, Martin
_eAUT
245 0 _aBuy ology:
_btruth and lies about why we buy
260 _c2010
300 _axi, 254 páginas :
_c20 cm.
650 _aGEN
654 _aCAN
942 _cLIB
_dJUS
_fJUS
_2ddc
_n
999 _c19321
_d19321